Normal view
MARC view
Entry Personal Name
001 - CONTROL NUMBER
- control field: 21495
003 - CONTROL NUMBER IDENTIFIER
- control field: ARRUPE
005 - DATE AND TIME OF LATEST TRANSACTION
- control field: 20160118142620.0
008 - FIXED-LENGTH DATA ELEMENTS
- fixed length control field: 160118|| aca||aabn | a|a d
040 ## - CATALOGING SOURCE
- Original cataloging agency: ARRUPE
- Transcribing agency: ARRUPE
100 ## - HEADING--PERSONAL NAME
- Personal name: Hamilton, Lawrence,
- Dates associated with a name: 1972-
670 ## - SOURCE DATA FOUND
- Source citation: Work cat.: (ARRUPE)0: Intellectual traditions in South Africa :, 2014